Sophia (Registo nº 33686)
[ vista simples ]
| 000 -Etiqueta do registo | |
|---|---|
| Valores | 00539nam a2200157 4500 |
| 021 ## - Número do Depósito Legal | |
| -- | PT |
| Número | 481643/21 |
| 090 ## - | |
| -- | 33686 |
| 100 ## - Dados gerais de processamento | |
| Dados gerais | 20210910 frey50 |
| 101 ## - Língua de publicação | |
| -- | por |
| 102 ## - País de publicação | |
| -- | PT |
| 200 ## - Titulo e menção de responsabilidade | |
| Título próprio | Sophia |
| Primeira menção de responsabilidade | Martim Rodrigues Pontes |
| -- | Qamaya Goriz Domingue |
| -- | Luana Yasmin Mourato Salvador |
| Informação de outro título | 14ª. edição do concurso literário Sophia de Mello Breyner Andresen |
| 210 ## - Publicação | |
| Local de publicação | Lagos |
| -- | Loulé |
| Nome do editor | Câmara Municipal de Lagos |
| -- | Câmara Municipal de Loulé |
| Data de publicação | 2021 |
| 215 ## - Descrição física | |
| Paginação / Volumes | 63 (1) p. |
| Outras indicações físicas | il. |
| Dimensões | 21 cm |
| 801 ## - Fonte de origem | |
| País | PT |
| Regras de catalogação | RPC |
| 990 ## - Elementos KOHA | |
| Tipo de documento | Livro |
| Situação do levantamento | Estado | Biblioteca de origem | Biblioteca de empréstimo | Código de barras | Cota | Permissão de empréstimo | Tipo de documento |
|---|---|---|---|---|---|---|---|
| Completo | Biblioteca Municipal de Viana Do Alentejo | Biblioteca Municipal de Viana Do Alentejo | 0033404 | 82-93 SOP | Disponível | Livro |